| 000 | 00340nam a22001457a 4500 | ||
|---|---|---|---|
| 020 | _qPB. | ||
| 040 | _cFIZZA ISHAQ | ||
| 082 |
_a004.33 _bQIN |
||
| 100 |
_aLI, QING. _989288 |
||
| 245 |
_aREAL TIME CONCEPTS FOR EMBEDDED SYSTEM / _cQING LI. |
||
| 250 | _a1st ED. | ||
| 260 |
_bCRC PRESS, _c2003. |
||
| 300 | _a294 P. ; | ||
| 942 |
_2ddc _cBK |
||
| 999 |
_c588077 _d588077 |
||